La Figlia Di Iorio Biblio teca moderna dori

محفوظ في:
التفاصيل البيبلوغرافية
المؤلف الرئيسي: Di Gabriele D'annunzio
التنسيق: كتاب
اللغة:لغة غير معروفة
منشور في: Mondatori Moderna
الوسوم: إضافة وسم
لا توجد وسوم, كن أول من يضع وسما على هذه التسجيلة!

MARC

LEADER 00000nam a2200000Ia 4500
001 R-311
003 CODICE-MESSINA
005 20260212102450.0
008 260211s9999 xx 000 0 und d
040 |c importazione_messina 
100 |a Di Gabriele D'annunzio 
245 0 |a La Figlia Di Iorio 
245 0 |b Biblio teca moderna dori 
260 |b Mondatori Moderna 
942 |2 ddc  |c BK 
952 |0 0  |1 0  |2 ddc  |4 0  |6 SCAFFALE_4_000000000000000__LETTERATURA  |7 0  |9 31133  |a ME  |b ME  |d 2026-02-11  |l 0  |o SCAFFALE 4 - LETTERATURA  |p R-311  |r 2026-02-11 23:52:21  |w 2026-02-11  |x [REVISIONARE]  |y BK 
999 |c 26795  |d 26795